| 000 | 00798cam a22002533a 4500 | ||
|---|---|---|---|
| 001 | 23916 | ||
| 003 | PGUSA | ||
| 005 | 20140828083517.0 | ||
| 008 | 071219s2007||||xxu|||||s|||||000 1 eng d | ||
| 040 |
_aPGUSA _beng |
||
| 042 | _adc | ||
| 050 | 4 | _aPZ | |
| 100 | 1 |
_aJacobs, Caroline Elliott Hoogs, _d1835-1916 |
|
| 245 | 1 | 0 |
_aBlue Bonnet in Boston; or, Boarding-School Days at Miss North's _h[electronic resource] / _cCaroline Elliott Hoogs Jacobs |
| 260 |
_bProject Gutenberg, _c2007 |
||
| 506 | _aPublic domain in the USA. | ||
| 516 | _aElectronic text | ||
| 653 | _aGirls -- Juvenile fiction | ||
| 653 | _aBoarding schools -- Juvenile fiction | ||
| 700 | 1 |
_aGoss, John, _d1886-1963 |
|
| 830 | 0 |
_aProject Gutenberg _v23916 |
|
| 856 | 4 | 0 | _uhttp://www.gutenberg.org/ebooks/23916 |
| 942 | _cEB | ||
| 999 |
_c253171 _d253171 |
||